Statistics for Toy brands/products of the 2010s

Click here to take the quiz!

General Stats

  • This quiz has been taken 46 times
  • The average score is 8 of 15

Answer Stats

HintAnswer% Correct
Dolls by the Mattel company, stereotypically blonde and loved pinkBarbie
100%
Company known for making crayons, markers, and other kids craft suppliesCrayola
83%
Toy car company that's certainly hotHot wheels
78%
Board game that's the cause of a lot of family arguments!Monopoly
78%
Really popular Danish plastic bricksLego
75%
Popular card game, the name of which is only three lettersUno
73%
These traditions dotted tiles share their name with a pizza fast food companyDomino
65%
Traditional toy - lots of pieces that fit together to form a big picturePuzzle
58%
Lettered tiles, try to make a wordScrabble
58%
Coloured modelling clayPlaydoh
45%
'Once you shop, you can't stop!'Shopkins
38%
Dice game: Ones, twos, threes, fours, fives, sixes, full house, small and large straights, three four or five of a kind.Yahtzee
33%
Figurines and play sets, featuring a variety of jobs. First letter is PPlaymobile
23%
Very globally popular cube with different colours stickers. How quickly can you solve it?Rubik's cube
13%
Little intricate animal figures with their own homes, businesses, furniture, etc. (Give the English name, not American)Sylvanian families
5%

Score Distribution

Percentile by Number Answered

Percent of People with Each Score

Your Score History

You have not taken this quiz